Diseño de Mini Acueducto por bombeo electrónico de la comunidad nuevos horizontes del municipio de Tipitapa, departamento de Managua
Socioeconómicamente la comunidad para conocer las condiciones del entorno, cuantificar y proyectar población y gastos de diseño correspondientes. El abastecimiento con respeto a su capacidad de producción y calidad de agua con pruebas realizadas. Características topográficas del sitio en estud...
| Main Author: | |
|---|---|
| Other Authors: | |
| Format: | Tesis Section = Libro |
| Language: | Undetermined Spanish |
| Published: |
Managua
UNI/RUACS
2017
|
| Subjects: |
| LEADER | 01265nam a2200265Ia 4500 | ||
|---|---|---|---|
| 008 | 240830s9999 xx 000 0 und d | ||
| 040 | |a BIBLIOTECA-RUPAP Mon 628.72 R696 | ||
| 041 | |a spa | ||
| 082 | |a Mon 628.72 R696 | ||
| 100 | 1 | |a Rodríguez Molina, Yeraldo Andrés | |
| 245 | 1 | 0 | |a Diseño de Mini Acueducto por bombeo electrónico de la comunidad nuevos horizontes del municipio de Tipitapa, departamento de Managua |
| 260 | |a Managua |b UNI/RUACS |c 2017 | ||
| 300 | |a 119 p. :il. | ||
| 500 | |a Contiene: anexos y CD. | ||
| 502 | |a Tesis (Ingeniero Civil)- UNI, 2017. | ||
| 520 | 3 | |a Socioeconómicamente la comunidad para conocer las condiciones del entorno, cuantificar y proyectar población y gastos de diseño correspondientes. El abastecimiento con respeto a su capacidad de producción y calidad de agua con pruebas realizadas. Características topográficas del sitio en estudio para conocer las coordenadas de los puntos de interés. | |
| 650 | 7 | |a ACUEDUCTOS-DISEÑO Y CONSTRUCCIÓN | |
| 650 | 7 | |b BOMBEO ELECTRONICO | |
| 650 | 7 | |c ABASTECIMIENTO DE AGUA -TIPITAPA - MANAGUA | |
| 650 | 7 | |d CALIDAD DEL AGUA-PRUEBA | |
| 650 | 7 | |e ANALISIS AMBIENTAL | |
| 700 | 1 | |a Tutor: |b Loaisiga Henry Eduardo | |
| 942 | |c BK |2 ddc | ||
| 991 | |a TESIS | ||
| 999 | |c 16573 | ||